000 00358nam a2200133Ia 4500
005 20260328104313.0
008 260328s9999||||xx |||||||||||||| ||und||
100 _aFernández-Galiano, Luis
245 0 _aSANNAA Sejima & Nishizawa 1990-2017 /
_cLuis Fernández-Galiano
260 _bArquitectura Viva
300 _a348 p.
650 _aESCUELAS
942 _cBK
999 _c11066
_d11066